000 01672nam a22004337a 4500
001 371
003 FISKH
005 20241108123445.0
008 230329b cb ||||| |||| 00| 0 eng d
020 _a9781338169799
040 _aDLC
_beng
_cDLC
_erda
_dDLC
_dFISKH
042 _apcc
_alcac
050 0 0 _aPZ7.R4842
_bOut 2015
082 0 0 _a417
_223
100 1 _aRipken, Cal,
_cJr.,
_d1960-
245 1 0 _aOut at home :
_ba novel /
_cby Cal Ripken, Jr. ; with Kevin Cowherd.
250 _aFirst edition.
264 1 _aLos Angeles ;
_aNew York :
_bDisney-Hyperion,
_c2015.
300 _a202 pages ;
_c20 cm.
336 _atext
_2rdacontent
337 _aunmediated
_2rdamedia
338 _avolume
_2rdacarrier
490 0 _aCal Ripken, Jr.'s All Stars
505 _aM
520 _aTwelve-year-olds Mickey Labriogla and Zach "Zoom" Winslow, rivals on and off the baseball field, must learn to work together as teammates to help the Dulaney Orioles win a regional championship game against Zoom's former team.
521 8 _a800
_bLexile
521 8 _aM
_bLexile
650 1 _aBaseball
_vFiction.
650 1 _aTeamwork (Sports)
_vFiction.
650 1 _aInterpersonal relations
_vFiction.
650 1 _aConduct of life
_vFiction.
650 7 _aJUVENILE FICTION / Sports & Recreation / Baseball & Softball.
_2bisacsh
650 7 _aJUVENILE FICTION / Social Issues / Values & Virtues.
_2bisacsh
650 7 _aJUVENILE FICTION / Boys & Men.
_2bisacsh
700 1 _aCowherd, Kevin.
906 _a7
_bcbc
_corignew
_d1
_eecip
_f20
_gy-gencatlg
942 _2ddc
_cBK
_n0
999 _c371
_d371